000 005930000a22002290004500
003 LK-CoMWRAF
005 20231218092204.0
008 230817t2005 ||||| |||| 00| 0 eng d
020 _a8125918620
040 _aLK-CoMWRAF
_dLK-CoMWRAF
_eLK-CoMWRAF
041 _aeng
082 _a302.23
_bCAR
110 _aCareer Launcher
245 _aI want to be in Media
250 _a3rd ed.
260 _aNew Delhi:
_bVikas Publishing House Pvt Ltd.,
_c2005
300 _a78 p.
490 _aMy Dream career
650 _aMASS MEDIA
650 _aMass media- Vocational guidance
942 _cBK
999 _c2161
_d2161